Regionálna analýza slovenských domácností z hľadiska spotrebných výdavkov v rokoch 2021 a 2022

Článok sa zaoberá správaním slovenských domácností z hľadiska spotrebných výdavkov v rokoch 2021 a 2022 s využitím anonymizovaných údajov zo zisťovania rodinných účtov o vybraných slovenských domácnostiach, ich výdavkoch, príjmoch a demografických charakteristikách za roky 2021 a 2022 poskytnutých Š...

Descrizione completa

Salvato in:
Dettagli Bibliografici
Autore principale: Krajčíková, Lívia, 2000-
Altri autori: Vojtková, Mária, 1966-
Natura: Capitolo di libro
Lingua:slovacco
Soggetti:
Tags: Aggiungi Tag
Nessun Tag, puoi essere il primo ad aggiungerne!!

MARC

LEADER 00000naa a2200000 4500
001 0305783
005 20250102120805.2
041 0 |a slo 
044 |a SK 
245 1 0 |a Regionálna analýza slovenských domácností z hľadiska spotrebných výdavkov v rokoch 2021 a 2022  |c Lívia Krajčíková, Mária Vojtková 
520 |a Článok sa zaoberá správaním slovenských domácností z hľadiska spotrebných výdavkov v rokoch 2021 a 2022 s využitím anonymizovaných údajov zo zisťovania rodinných účtov o vybraných slovenských domácnostiach, ich výdavkoch, príjmoch a demografických charakteristikách za roky 2021 a 2022 poskytnutých Štatistickým úradom Slovenskej republiky. Cieľom je regionálna analýza priemerných spotrebných výdavkov slovenských domácností v jednotlivých rokoch. Na overenie vplyvu regiónu podľa klasifikácie NUTS2 na spotrebné výdavky domácností bola použitá metóda analýzy rozptylu. Analýza bola realizovaná prostredníctvom softvéru SAS Enterprise Guide. 
610 2 0 |a účty rodinné 
610 2 0 |a výdavky 
610 2 0 |a domácnosti 
610 2 0 |a spotreba 
100 1 |a Krajčíková, Lívia, 2000- 
700 1 |a Vojtková, Mária, 1966-